000 00577cam a22002171 4500
001 sa 65010491
003 DLC
005 20260227112209.0
008 890403nuuuuuuuuio ac 000 0 ind
010 _asa 65010491
035 _a(OCoLC)23569589
040 _aDLC
_cMiU
_dDLC
042 _apremarc
043 _aa-io---
050 0 0 _aDS625
_b.S27
100 1 _aSapija, M.
245 1 0 _aKaryawan sebagai alat dan unsur revolusi,
260 _a[Djakarta,
_bDaja Upaja, sambutan 1963]
300 _a59 p.
_billus., ports.
_c21 cm.
651 0 _aIndonesia
_xIntellectual life.
999 _c66785
_d66785